[Event "FRA-ch U14"]
[Site "Aix les Bains"]
[Date "2009.04.24"]
[Round "7"]
[White "Lemeille, Francois"]
[Black "Rouxel, Marc Milan"]
[Result "1-0"]
[WhiteElo "1931"]
[BlackElo "1780"]
[PlyCount "99"]
[EventDate "2009.04.19"]
[EventType "swiss"]
[EventRounds "9"]
[EventCountry "FRA"]
[SourceTitle "CBM 130 Extra"]
[Source "ChessBase"]
[SourceDate "2009.07.02"]
[SourceVersion "2"]
[SourceVersionDate "2009.07.15"]
[SourceQuality "1"]

1. e4 g6 2. d4 Bg7 3. Nc3 d6 4. f4 Nd7 5. Nf3 e6 6. Be2 Ngf6 7. 0-0 a6 8. e5 Ng8 9. Ne4 d5 10. Nf2 Ne7 11. g4 0-0 12. Bd3 c5 13. c3 c4 14. Bb1 f5 15. h3 b5 16. Qe1 Nc6 17. Nd1 a5 18. Qg3 b4 19. Kh2 Kh8 20. Rg1 Rg8 21. Ne3 h6 22. Nh4 Ne7 23. Bc2 Nb6 24. Bd1 Bd7 25. Bd2 bxc3 26. bxc3 Rb8 27. Bc1 g5 28. Nf3 gxf4 29. Qxf4 Ng6 30. Qg3 f4 31. Qf2 fxe3 32. Qxe3 Rf8 33. g5 h5 34. Bc2 Be8 35. Ba3 Rg8 36. Rad1 Bf8 37. Bc1 Be7 38. Qe2 Nd7 39. Ne1 Ndf8 40. Qxh5+ Nh7 41. Qg4 Qd7 42. h4 Ngf8 43. Nf3 Bg6 44. Bxg6 Nxg6 45. h5 Nxg5 46. Nxg5 Bxg5 47. hxg6 Rxg6 48. Bxg5 Qh7+ 49. Qh4 Rb2+ 50. Kh3 1-0